Tonkoplenočnyje solnečnyje elementy.
Uložené v:
| Hlavný autor: | |
|---|---|
| Médium: | Kniha |
| Jazyk: | Slovak |
| Vydané: |
Moskva,
1986.
|
| Vydanie: | 1. izdanije |
| Fyzický popis: |
440 strán. |
| Tagy: |
Pridať tag
Žiadne tagy, Buďte prvý kto otaguje tento záznam!
|
Titul je dostupný aj v ... 

MARC
| LEADER | 00000nam a22000002i 4500 | ||
|---|---|---|---|
| 001 | 000628018 | ||
| 005 | 20200113140716.0 | ||
| 008 | 200113s1986 xo e 000 0 slo d | ||
| 020 | |c Kčs 51,00 |q (viazané) | ||
| 040 | |a SVKKK |b slo |c SVKKK |e rda | ||
| 100 | 1 | |a Chopra, Kasturi Lal | |
| 245 | 1 | 0 | |a Tonkoplenočnyje solnečnyje elementy. |
| 250 | |a 1. izdanije | ||
| 264 | 1 | |a Moskva, |c 1986. | |
| 300 | |a 440 strán. | ||
| 336 | |a text |b txt |2 rdacontent | ||
| 337 | |a bez média |b n |2 rdamedia | ||
| 338 | |a zväzok |b nc |2 rdacarrier | ||
| 500 | |a Záznam revízie | ||
| 910 | |a svkkk | ||
| 998 | |a BK | ||
| 090 | |g SCKHL |k Sklad Pribinova 2. posch. |a III.136992 |j 739037 |i 2720714118 |4 Zastaraná |s Vyradená | ||